Il ritorno del marinaio : preceduto da La signora transformata in volpe e Un uomo allo zoo.

Bibliographic Details
Main Author: Garnett, David, 1892-1981
Format: Book
Language:Italian
Published: [Verona] : A. Mondadori, 1956.
Series:Medusa degli italiani ; no. 363.

MARC

Tag First Indicator Second Indicator Subfields
LEADER 00000cam a2200000K 4500
001 in00002392421
005 20151109062705.0
008 890712s1956 it 000 1 ita d
035 |a (OCoLC)ocm19998306 
035 |a (OCoLC)19998306 
040 |a BKL  |c BKL  |d OCLCQ  |d TXA  |d UtOrBLW 
041 1 |a ita  |h eng 
049 |a TXAM 
090 |a PR6013.A66  |b S316 1956 
100 1 |a Garnett, David,  |d 1892-1981. 
240 1 0 |a Sailor's return.  |l Italian 
245 1 3 |a Il ritorno del marinaio :  |b preceduto da La signora transformata in volpe e Un uomo allo zoo. 
264 1 |a [Verona] :  |b A. Mondadori,  |c 1956. 
300 |a 300 pages ;  |c 20 cm. 
336 |a text  |b txt  |2 rdacontent 
337 |a unmediated  |b n  |2 rdamedia 
338 |a volume  |b nc  |2 rdacarrier 
490 1 |a La Medusa degli Italiani,  |v no. 363 
500 |a Translations of The sailor's return, Lady into fox, and A man in the zoo. 
536 |a One of the Cushing Library/Lit./Mitchell copies was acquired by Cushing as part of the David Garnett Family Books Collection. 
700 1 2 |a Garnett, David,  |d 1892-1981.  |t Lady into fox.  |l Italian. 
700 1 2 |a Garnett, David,  |d 1892-1981.  |t Man in the zoo.  |l Italian. 
740 0 2 |a Signora trasformata in volpe. 
740 0 2 |a Uomo allo zoo. 
830 0 |a Medusa degli italiani ;  |v no. 363. 
948 |a cataloged  |b h  |c 2008/6/6  |d c  |e vilik  |f 12:01:24 pm 
949 |a updated  |b h  |c 2011/5/4  |e fpiscitelli  |f 3:29:06 pm 
994 |a C0  |b TXA 
999 |a MARS 
999 f f |s 2bba9299-f912-351f-9287-073912f1fb18  |i 189c0b2f-1638-3772-8f29-cd586eac1f71  |t 0 
952 f f |p noncirc  |a Texas A&M University  |b College Station  |c Cushing Memorial Library & Archives  |d Cushing: Literature/Mitchell (Does not check out)  |t 0  |e PR6013.A66 S316 1956  |h Library of Congress classification  |i unmediated -- volume 
952 f f |p noncirc  |a Texas A&M University  |b College Station  |c Cushing Memorial Library & Archives  |d Cushing: Literature/Mitchell (Does not check out)  |t 0  |e PR6013.A66 S316 1956  |h Library of Congress classification  |i unmediated -- volume 
998 f f |a PR6013.A66 S316 1956  |t 0  |l Cushing: Literature/Mitchell (Does not check out) 
998 f f |a PR6013.A66 S316 1956  |t 0  |l Cushing: Literature/Mitchell (Does not check out)